[Event "BOL-ch U16 Girls"]
[Site "Cochabamba"]
[Date "2023.01.13"]
[Round "2"]
[White "Salazar Salinas, Maria Jose"]
[Black "Lutina Bueno, Leila Daniela"]
[Result "1/2-1/2"]
[WhiteElo "1252"]
[BlackElo "1240"]
[PlyCount "88"]
[EventDate "2023.01.13"]
[EventType "swiss"]
[EventRounds "7"]
[EventCountry "BOL"]
[SourceTitle "EXT 2024"]
[Source "ChessBase"]
[SourceDate "2023.10.10"]
[SourceVersion "1"]
[SourceVersionDate "2023.10.10"]
[SourceQuality "1"]

1. d4 d5 2. Bf4 Nf6 3. Nc3 Bf5 4. f3 e6 5. g4 Bg6 6. Bg2 c5 7. e3 Qb6 8. Rb1 Nc6 9. Nge2 Nb4 10. Rc1 Qa5 11. a3 Na2 12. Ra1 Nxc3 13. Nxc3 Qb6 14. Rb1 c4 15. 0-0 Bd6 16. Ne2 Qc7 17. Qd2 h5 18. g5 Nh7 19. h4 f6 20. e4 dxe4 21. fxe4 e5 22. dxe5 Bxe5 23. Bxe5 Qxe5 24. Nf4 Qc5+ 25. Kh1 Rd8 26. Qe2 Kf7 27. Nxg6 Kxg6 28. Rf5 Qd4 29. gxf6 Nxf6 30. Bf3 Kf7 31. Rd1 Qxd1+ 32. Qxd1 Rxd1+ 33. Bxd1 Ke6 34. Bf3 Ng4 35. Rc5 Ne5 36. Be2 Rd8 37. Bxc4+ Kf6 38. Bd5 Rd7 39. Rc8 Ng4 40. Rf8+ Kg6 41. Kg2 Nf6 42. Rc8 Re7 43. Kf3 Nd7 44. Kf4 Ne5 1/2-1/2